| Tag |
First Indicator |
Second Indicator |
Subfields |
| LEADER |
00000pam a2200000 a 4500 |
| 001 |
in00002118313 |
| 005 |
20151102194226.0 |
| 008 |
041215s2005 nyu b 001 0 eng |
| 010 |
|
|
|a 2004065849
|
| 020 |
|
|
|a 0333654277 (alk. paper)
|
| 020 |
|
|
|a 0333654285 (pbk. : alk. paper)
|
| 024 |
3 |
|
|a 9780333654279
|
| 024 |
3 |
|
|a 9780333654286
|
| 035 |
|
|
|a (OCoLC)ocm57475840
|
| 040 |
|
|
|a DLC
|c DLC
|d TXA
|d UtOrBLW
|
| 049 |
|
|
|a TXAM
|
| 050 |
0 |
0 |
|a PR2981.5
|b .S486 2005
|
| 082 |
0 |
0 |
|a 822.3/3
|2 22
|
| 245 |
0 |
0 |
|a Shakespeare's problem plays :
|b All's well that ends well, Measure for measure, Troilus and Cressida /
|c edited by Simon Barker.
|
| 264 |
|
1 |
|a New York :
|b Palgrave Macmillan,
|c 2005.
|
| 300 |
|
|
|a ix, 237 pages ;
|c 23 cm.
|
| 336 |
|
|
|a text
|b txt
|2 rdacontent
|
| 337 |
|
|
|a unmediated
|b n
|2 rdamedia
|
| 338 |
|
|
|a volume
|b nc
|2 rdacarrier
|
| 490 |
1 |
|
|a New casebooks
|
| 504 |
|
|
|a Includes bibliographical references and index.
|
| 505 |
0 |
|
|a Shakespeare's problem plays: concepts and perspectives / Vivian Thomas -- All's well that ends well and the tale of the chivalric quest / Leah Scragg -- The political effects of gender and class in All's well that ends well / Peter Erickson -- Subjectivity, desire and female friendship in All's well that end's well / Carolyn Asp -- Transgression and surveillance in Measure for measure / Jonathan Dollimore -- London in Measure for measure / Leah Marcus -- Love's tyranny inside-out in the problem plays: yours, mine, and counter-mine / Richard Hillman -- 'Tricks we play on the dead': making history in Troilus and Cressida / Heather James -- Invading bodies/bawdy exchanges: disease, desire, and representation / Valerie Traub -- Fragments of nationalism in Troilus and Cressida / Matthew Greenfield.
|
| 600 |
1 |
0 |
|a Shakespeare, William,
|d 1564-1616
|x Tragicomedies.
|
| 650 |
|
0 |
|a Tragicomedy
|x History and criticism.
|
| 700 |
1 |
|
|a Barker, Simon.
|
| 830 |
|
0 |
|a New casebooks (Palgrave Macmillan (Firm))
|
| 948 |
|
|
|a cataloged
|b h
|c 2006/4/7
|d c
|e dmitchel
|f 10:00:00 am
|
| 994 |
|
|
|a C0
|b TXA
|
| 999 |
|
|
|a MARS
|
| 999 |
f |
f |
|s 7a90824e-b21d-3977-8023-de65b56a52d0
|i 671bdc4a-49df-341a-ba48-bfe0534e3fe9
|t 0
|
| 952 |
f |
f |
|p normal
|a Texas A&M University
|b College Station
|c Sterling C. Evans Library
|d Evans: Library Stacks
|t 0
|e PR2981.5 .S486 2005
|h Library of Congress classification
|i unmediated -- volume
|m A14834050864
|
| 998 |
f |
f |
|a PR2981.5 .S486 2005
|t 0
|l Evans: Library Stacks
|